Simulation of the water level regime in the stream via 1D mathematical model
Gespeichert in:
| 1. Verfasser: | |
|---|---|
| Weitere Verfasser: | |
| Format: | Manuskript Buch |
| Sprache: | Slowakisch Englisch |
| Veröffentlicht: |
2023
|
| Schlagworte: | |
| Online-Zugang: | http://is.stuba.sk/zp/portal_zp.pl?podrobnosti=162273 https://opac.crzp.sk/?fn=detailBiblioForm&sid=0A15AC6E5E2ED0F3D5D1C0342BCF |
| Tags: |
Keine Tags, Fügen Sie das erste Tag hinzu!
|
MARC
| LEADER | 00000ntm a22000003a 4500 | ||
|---|---|---|---|
| 001 | stuzp94735 | ||
| 003 | SK-STU | ||
| 005 | 20230918152121.9 | ||
| 007 | ta | ||
| 008 | 150427s2015----xo-----f-mn---000-0-slo-d | ||
| 040 | |a STU |b slo | ||
| 041 | 0 | |a eng | |
| 100 | 1 | |a Georgiev, Teodor |u 010170 |4 aut |U SvF Stavebná fakulta |T SvF Katedra hydrotechniky |X 110481 |U V170 |Y 17 |7 110481 | |
| 242 | 0 | 1 | |a Simulation of the water level regime in the stream via 1D mathematical model |y slo |
| 245 | 1 | 0 | |a Simulation of the water level regime in the stream via 1D mathematical model |
| 260 | |c 2023 | ||
| 650 | 4 | |a River modeling |2 slo | |
| 650 | 4 | |a QGIS |2 slo | |
| 650 | 4 | |a HEC-RAS |2 slo | |
| 650 | 4 | |a Mathematical modeling |2 eng | |
| 650 | 4 | |a QGIS |2 eng | |
| 650 | 4 | |a HEC-RAS |2 eng | |
| 700 | 1 | |a Čubanová, Lea |u 010170 |k Z1 |4 ths |U SvF Stavebná fakulta |T SvF Katedra hydrotechniky |X 38291 |U V170 |Y 17 |7 A000038291 | |
| 856 | 4 | |u http://is.stuba.sk/zp/portal_zp.pl?podrobnosti=162273 | |
| 856 | 4 | |u https://opac.crzp.sk/?fn=detailBiblioForm&sid=0A15AC6E5E2ED0F3D5D1C0342BCF | |